| 000 | 00542nam a2200217Ia 4500 | ||
|---|---|---|---|
| 003 | OSt | ||
| 005 | 20240807163544.0 | ||
| 008 | 210210b1993 xxu||||| |||| 00| 0 eng d | ||
| 040 | _cAL | ||
| 041 | _aEnglish | ||
| 082 | _a809.88914 SAHK | ||
| 100 |
_aSAHITYA AKADEMI. _9175578 |
||
| 245 | _aKabir: Makers of Indian Literature | ||
| 260 |
_aN D _bSahitya Akademi _c1993 |
||
| 300 | _a56 | ||
| 650 |
_aKabir _9175579 |
||
| 690 |
_aIndian Literature _9175580 |
||
| 700 |
_aPrabhakar Machwe _9175581 |
||
| 906 | _a053664 | ||
| 942 |
_2ddc _cBK |
||
| 999 |
_c101770 _d101770 |
||